000
00219 a2200097 4500
001
3768
100
_a
Qureshi, I.H
245
_a
Muslim community of indo pak subcontinent
260
_a
_b
Mouton
_c
090
_c
3003
_d
3003
942
_a
NUST-CAE
_c
M
_c
22259
999
_c
238841
_d
238841